| 000 | 00465nam a2200181Ia 4500 | ||
|---|---|---|---|
| 008 | 151018s9999 xx 000 0 und d | ||
| 082 |
_bRBASDV5748 _a824 |
||
| 100 | _aJawanarlal Nehru | ||
| 245 | _aJawahwelal Nehr a Memorial | ||
| 250 | _b1 | ||
| 260 |
_bRediance _c1961 |
||
| 300 | _a174 | ||
| 600 | _aJawanarlal Nehru | ||
| 630 | _aJawahwelal Nehr a Memorial | ||
| 700 | _aJawanarlal Nehru | ||
| 730 | _aJawahwelal Nehr a Memorial | ||
| 942 | _cBOOK | ||
| 999 |
_c1008130 _d1008127 |
||